Plan Operativo Anual Nacional para el Ejercicio Fiscal 2007 (Registro nro. 11226)
[ vista simple ]
| 000 -CABECERA | |
|---|---|
| campo de control de longitud fija | 00521nam a22001937a 4500 |
| 001 - NÚMERO DE CONTROL | |
| campo de control | T027600010494 |
| 008 - DATOS DE LONGITUD FIJA--INFORMACIÓN GENERAL | |
| campo de control de longitud fija | 181111b xve|||||r|||| 00| | esp d |
| 099 ## - SIGNATURA TOPOGRÁFICA LOCAL | |
| Número de clasificación | IVP-D-05496 |
| Cutter | |
| 100 ## - ENTRADA PRINCIPAL--NOMBRE DE PERSONA | |
| Nombre de persona | Ministerio de Planificación y Desarrollo |
| 245 ## - MENCIÓN DE TÍTULO | |
| Título | Plan Operativo Anual Nacional para el Ejercicio Fiscal 2007 |
| 260 ## - PUBLICACIÓN, DISTRIBUCIÓN, ETC. (PIE DE IMPRENTA) | |
| Lugar de publicación, distribución, etc. | Octubre, 2006 |
| 300 ## - DESCRIPCIÓN FÍSICA | |
| Extensión | 170 p. |
| 500 ## - NOTA GENERAL | |
| Nota general | |
| 650 ## - PUNTO DE ACCESO ADICIONAL DE MATERIA--TÉRMINO DE MATERIA | |
| Término de materia o nombre geográfico como elemento inicial | Distribución presupuestaria |
| 650 ## - PUNTO DE ACCESO ADICIONAL DE MATERIA--TÉRMINO DE MATERIA | |
| Término de materia o nombre geográfico como elemento inicial | proyectos |
| 650 ## - PUNTO DE ACCESO ADICIONAL DE MATERIA--TÉRMINO DE MATERIA | |
| Término de materia o nombre geográfico como elemento inicial | mapa estratégico |
| 650 ## - PUNTO DE ACCESO ADICIONAL DE MATERIA--TÉRMINO DE MATERIA | |
| Término de materia o nombre geográfico como elemento inicial | equilibrios |
| 942 ## - ELEMENTOS DE PUNTO DE ACCESO ADICIONAL (KOHA) | |
| Tipo de ítem Koha | Libro |
| Estado de retiro | Estado de pérdida | Estado dañado | No para préstamo | Código de colección | Localización permanente | Ubicación/localización actual | Fecha de adquisición | Total de préstamos | Signatura topográfica completa | Código de barras | Fecha visto por última vez | Precio válido a partir de | Tipo de ítem Koha |
|---|---|---|---|---|---|---|---|---|---|---|---|---|---|
| IVP | Oscar Varsavsky | Oscar Varsavsky | 13.11.2018 | IVP-D-05496 | T027600013177 | 13.11.2018 | 13.11.2018 | Documento |